000 00502nam a22001457a 4500
082 _a621.3
100 _aKhokher, Muhammad Rizwan
245 _aImage Segmentation based on Fuzzy Rule Based System and Multilevel Graph Cuts /
_cMuhammad Rizwan Khokher
260 _aIslamabad :
_bMCS - NUST,
_c2012.
300 _a62 p. ;
_c30cm.
650 _aElectrical Engineering-MS-Thesis
_916073
700 _aDr. Abdul Ghafoor
_916207
942 _2ddc
_cTHE
999 _c540867
_d540867